000 00529nam a22001817a 4500
999 _c18278
_d18278
003 AR-CdUCM
008 190513b ||||| |||| 00| 0 spa d
040 _aMUNICIPALIDAD PROVINCIAL DEL CUSCO
_cBIBLIOTECA MUNICIPAL DEL CUSCO
082 _a985.021 /
_bP65
110 _aBiblioteca hombres del Perú
_938776
245 _aFrancisco Pizarro /
260 _aLima :
_bBHP,
_c1964.
300 _a95 páginas :
_c20 cm.
505 _aFrancisco Pizarro.
650 _aFrancisco Pizarro.
_92875
942 _2ddc
_cLIBROS
945 _awfj